000 00552nam a22001577a 4500
005 20240212135553.0
008 240212b |||||||| |||| 00| 0 eng d
041 _aAfrikaans / English
082 _a349 TYD
100 _aSnyman, CR
_lAfrikaans / English
245 _aTydskrif vir Hedendaagse Romeins-Hollandse Reg :
_bNormatiewe skuld en redelik verwagbare gedrag /
_cCR Snyman
260 _aDurban :
_bButterworth,
_c1991
300 _b169 pages ;
_c25 cm.
650 _aLegal practice
_bLaw
942 _cCR
_6ALISON_BN_VRIES
999 _c1343
_d1343